Statystyki dla Państwa w Europie zarażone Covid-19 (05.06.2020)

Kliknij tutaj aby rozwiązać quiz!

Ogólne statystyki

  • Ten quiz został rozwiązany 42 razy
    (30 od ostatniego zresetowania)
  • Średni wynik to 39 z 48

Statystyki odpowiedzi

Liczba zarażonychKraj% Poprawnych
287 tysHiszpania
100%
25,1 tysPolska
100%
2,95 tysGrecja
97%
184 tysNiemcy
97%
449 tysRosja
97%
41,8 tysSzwecja
97%
234 tysWłochy
97%
9,49 tysCzechy
93%
6,94 tysFinlandia
93%
25,1 tysIrlandia
93%
1,80 tysIslandia
93%
33,5 tysPortugalia
93%
1,52 tysSłowacja
93%
25,9 tysUkraina
93%
281 tysWielka Brytania
93%
58,9 tysBelgia
90%
46,8 tysBiałoruś
90%
152 tysFrancja
90%
47,1 tysHolandia
90%
1,69 tysLitwa
90%
1,08 tysŁotwa
90%
8,50 tysNorwegia
90%
678San Marino
90%
12Watykan
90%
3,97 tysWęgry
90%
2,24 tysChorwacja
86%
324Czarnogóra
86%
11,8 tysDania
86%
1,91 tysEstonia
86%
82Liechtenstein
86%
11,5 tysSerbia
86%
852Andora
83%
16,8 tysAustria
83%
2,62 tysBułgaria
83%
4,02 tysLuksemburg
83%
20,1 tysRumunia
83%
1,47 tysSłowenia
83%
2,60 tysBośnia i Hercegowina
79%
2,61 tysMacedonia
76%
99Monako
76%
30,9 tysSzwajcaria
76%
1,21 tysAlbania
72%
624Malta
72%
9.01 tysMołdawia
66%
174Gibraltar
31%
187Wyspy Owcze
21%
336Wyspa Man
3%
561Wyspy Normandzkie
0%

Rozkład punktacji

Percentyl według liczby udzielonych odpowiedzi

Procent ludzi z każdym wynikiem

Twoja historia wyników

Nie rozwiązałeś tego quizu od ostatniego zresetowania